Vincitori della Champions League (calciatori) - Morte Improvvisa - Statistics

Statistiche generali
  • Questo quiz è stato fatto 626 volte
  • Il punteggio medio è 10 su 44
Answers on the Grid
Answers color-coded by a green-red scale on the quiz's grid according to % correct below.
Toni Kroos
Lionel Messi
Cristiano Ronaldo
Karim Benzema
Andrés Iniesta
Gerd Müller
Franz Beckenbauer
Uli Hoeneß
Thomas Müller
Manuel Neuer
Achraf Hakimi
Nuno Mendes
Marc-André ter Stegen
Arda Güler
Virgil van Dijk
Eden Hazard
Julián Alvarez
Mason Mount
Kai Havertz
N'Golo Kanté
Timo Werner
Olivier Giroud
Jamal Musiala
Robert Lewandowski
Joshua Kimmich
Niklas Süle
Neymar
Sadio Mané
Sami Khedira
Luis Suárez
Emre Can
Franck Ribéry
Bastian Schweinsteiger
Philipp Lahm
Kaká
Frank Lampard
Ashley Cole
Petr Cech
Fernando Torres
Thierry Henry
Ronaldinho
Oliver Kahn
Lars Ricken
Rudi Völler
Kylian Mbappé
Mats Hummels
Roberto Baggio
Antoine Griezmann
Cesc Fabregas
Michael Ballack
Ruud van Nistelrooy
Lilian Thuram
Francesco Totti
Fabio Cannavaro
Zlatan Ibrahimović
Sergio Agüero
Dennis Bergkamp
Gianluigi Buffon
Ronaldo (R9)
Lothar Matthäus
Florian Wirtz
Jadon Sancho
Julian Brandt
Marco Reus
Julian Draxler
Jens Lehmann
Pierre-Emerick Aubameyang
Mesut Özil
Mario Götze
Harry Kane
Heung-min Son
Diego Maradona
 
Statistiche sulle risposte
Risposta % Corretto
Lionel Messi
41%
Cristiano Ronaldo
40%
Kaká
39%
Manuel Neuer
37%
Andrés Iniesta
35%
Neymar
35%
Toni Kroos
35%
Karim Benzema
34%
Virgil van Dijk
34%
Achraf Hakimi
31%
Luis Suárez
30%
Robert Lewandowski
30%
Franck Ribéry
28%
Thomas Müller
28%
Sadio Mané
27%
Joshua Kimmich
26%
N'Golo Kanté
26%
Philipp Lahm
26%
Ronaldinho
26%
Frank Lampard
25%
Petr Cech
25%
Bastian Schweinsteiger
23%
Marc-André ter Stegen
23%
Nuno Mendes
23%
Sami Khedira
21%
Kai Havertz
20%
Fernando Torres
19%
Franz Beckenbauer
17%
Julián Alvarez
17%
Mason Mount
17%
Oliver Kahn
17%
Ashley Cole
16%
Timo Werner
15%
Gerd Müller
14%
Olivier Giroud
14%
Thierry Henry
14%
Eden Hazard
13%
Arda Güler
9%
Jamal Musiala
6%
Niklas Süle
5%
Uli Hoeneß
5%
Lars Ricken
4%
Emre Can
3%
Rudi Völler
3%
Nessun quiz corrispondente trovato
Distribuzione punteggi
Percentuale di utenti per punteggio
Percentile per numero di risposta
I tuoi punteggi nel tempo
Non hai fatto questo quiz